'A' Celebrity Images Quiz Stats

 Plays Quiz Updated Feb 20, 2018

Challenge
Share
Tweet
Score 0/20 Timer 05:00
0 Plays Today
% Correct
Muhammad Ali
90.1%
Ben Affleck
76.6%
Adele Adkins
74.8%
Julie Andrews
74.2%
Woody Allen
73.2%
Andre Agassi
71.1%
Christina Aguilera
71.1%
Louis Armstrong
65.9%
Amy Adams
61.1%
Clay Aiken
56.3%
% Correct
Alan Alda
52.9%
Jason Alexander
47.5%
Gillian Anderson
45.4%
Hank Aaron
45.2%
Kareem Abdul-Jabbar
40.8%
Rick Astley
37.6%
Bea Arthur
37.5%
Patricia Arquette
35.2%
Ed Asner
32.5%
F. Murray Abraham
13.3%

You're not logged in!

Compare scores with friends on all Sporcle quizzes.
OR
Log In

You Might Also Like...

Show Comments

Extras

Top Quizzes Today


Score Distribution

Your Account Isn't Verified!

In order to create a playlist on Sporcle, you need to verify the email address you used during registration. Go to your Sporcle Settings to finish the process.

Report this User

Report this user for behavior that violates our Community Guidelines.

Details: